<?xml version="1.0" encoding="UTF-8"?>
<record
    xmlns:xsi="http://www.w3.org/2001/XMLSchema-instance"
    xsi:schemaLocation="http://www.loc.gov/MARC21/slim http://www.loc.gov/standards/marcxml/schema/MARC21slim.xsd"
    xmlns="http://www.loc.gov/MARC21/slim">

  <leader>01403nam a2200277   4500</leader>
  <controlfield tag="003">PPAK</controlfield>
  <controlfield tag="005">20250804163306.0</controlfield>
  <controlfield tag="008">250731s        my abf f      000 0 eng d</controlfield>
  <datafield tag="040" ind1=" " ind2=" ">
    <subfield code="a">PPAK</subfield>
    <subfield code="b">eng</subfield>
    <subfield code="c">PPAK</subfield>
    <subfield code="e">rda</subfield>
  </datafield>
  <datafield tag="082" ind1="0" ind2="4">
    <subfield code="2">23</subfield>
    <subfield code="a">959.51</subfield>
  </datafield>
  <datafield tag="090" ind1="0" ind2="0">
    <subfield code="a">959.51</subfield>
    <subfield code="b">MAL</subfield>
    <subfield code="d">KK</subfield>
  </datafield>
  <datafield tag="245" ind1="0" ind2="0">
    <subfield code="a">MALAY PENINSULA :</subfield>
    <subfield code="b">(STRAITS SETTLEMENTS &amp; FEDERATED MALAY STATES) /</subfield>
    <subfield code="c">Original Photos and Copyright by C.J. Kleingrothe</subfield>
  </datafield>
  <datafield tag="246" ind1="3" ind2="4">
    <subfield code="a">Malaya peninsula</subfield>
  </datafield>
  <datafield tag="264" ind1=" " ind2="1">
    <subfield code="a">[Medan, Sumatera] : </subfield>
    <subfield code="b">[publisher not identified], </subfield>
    <subfield code="c">[date of publication not identified]</subfield>
  </datafield>
  <datafield tag="300" ind1=" " ind2=" ">
    <subfield code="a">1 volume : </subfield>
    <subfield code="b">illustrations, plates, color maps ;</subfield>
    <subfield code="c">33 x 36 cm</subfield>
  </datafield>
  <datafield tag="336" ind1=" " ind2=" ">
    <subfield code="a">text</subfield>
    <subfield code="2">rdacontent</subfield>
  </datafield>
  <datafield tag="337" ind1=" " ind2=" ">
    <subfield code="a">unmediated</subfield>
    <subfield code="2">rdamedia</subfield>
  </datafield>
  <datafield tag="338" ind1=" " ind2=" ">
    <subfield code="a">volume</subfield>
    <subfield code="2">rdacarrier</subfield>
  </datafield>
  <datafield tag="500" ind1=" " ind2=" ">
    <subfield code="a">Printed title page, coloured map of the Federated Malay States and Straits Settlement, and 71 leaves containing 172 original photographs, photograph of a tiger pasted on the uppercover.</subfield>
  </datafield>
  <datafield tag="500" ind1=" " ind2=" ">
    <subfield code="a">1 volume consists of plates</subfield>
  </datafield>
  <datafield tag="505" ind1=" " ind2=" ">
    <subfield code="t">Singapore : 43 photographs on 17 leaves --</subfield>
    <subfield code="t">Penang : 35 photographs on 16 leaves --</subfield>
    <subfield code="t">Federated Malay States : 89 photographs on 36 leaves --</subfield>
    <subfield code="t">Malacca : 4 photographs on 1 leafs --</subfield>
    <subfield code="t">Soengei :- Belawan : 1 photographs on 1 leaf.</subfield>
  </datafield>
  <datafield tag="651" ind1=" " ind2="0">
    <subfield code="a">Malay Peninsula</subfield>
    <subfield code="x">History </subfield>
    <subfield code="v">Pictorial works</subfield>
  </datafield>
  <datafield tag="651" ind1=" " ind2="0">
    <subfield code="a">Singapore </subfield>
    <subfield code="x">History</subfield>
    <subfield code="v">Pictorial works</subfield>
  </datafield>
  <datafield tag="700" ind1="1" ind2=" ">
    <subfield code="a">Kleingrothe, C. J.,</subfield>
    <subfield code="e">photographer.</subfield>
  </datafield>
  <datafield tag="942" ind1=" " ind2=" ">
    <subfield code="2">ddc</subfield>
    <subfield code="c">B</subfield>
  </datafield>
  <datafield tag="999" ind1=" " ind2=" ">
    <subfield code="c">200148</subfield>
    <subfield code="d">200148</subfield>
  </datafield>
</record>
